000 00441nam a2200157 i 4500
001 96204
003 ES-MaACL
005 20230906181851.0
007 t|
008 050613s1963 ve ||||1| spa d
100 1 _aMadruga Fernández, Ildefonso.
_975370
245 1 0 _aContabilidad General /
_cpor Ildefonso Madruga Fernández.
260 _aCaracas :
_bOchoa,
_c1963.
300 _a690 p. ;
_c25 cm.
852 _aES-MaACL
_jC-24585
_bR.53421
999 _c96204
_d96204